000 00857aam a2200277 i 4500
001 768714001
003 CO-MdFUSB
005 20250508131354.0
007 ta
008 250508txxu sp |||| |||| 00| 0 spa d
040 _cCO-MdFUSB
041 0 _aspa
082 0 4 _223
_a242
_bB1541r
100 1 _aBailey
_eautor
245 1 3 _aEl respeto a la autoridad y otros ensayos
_c/ Bailey , Naxter, Nichols ; traducido por Juan A. Monroy
264 0 _bIrmayol,
_aMadrid, España :
_c[fecha de publicación no identificada]
300 _a83 páginas
336 _atexto
_btxt
_2rdacontent
337 _2rdamedia
_asin mediación
_bn
338 _2rdacarrier
_avolumen
_bnc
563 _aRústico
650 7 _aAutoridad
_xAspectos religiosos
_xCristianismo
_2embne
_97164
700 _aMonroy, Juan Antonio.
_92328
_etraductor
942 _cBK
945 _aJTF-925
999 _c35438
_d35438